000 00587nam a2200193Ia 4500
003 GCL
008 140319s9999 xx 000 0 ara d
040 _aGCL /
_cGCL
082 0 4 _aط
_b813.088
_bع ا
100 1 _aعبدالتواب يوسف
245 1 0 _aاطفال ابطال /
_cعبدالتواب يوسف
260 _aالقاهرة :
_bدار الكتب الاسلامية ،
_c1990
300 _a15 ص
490 _aاطفال ابطال
_v0
650 0 4 _aالاطفال
650 0 4 _aالتاريخ الاسلامى
650 0 4 _aاعلام العرب
942 _2ddc
_cBK
999 _c58024
_d58024